000 00875nas a2200313 4500
001 BR0003409
003 BR-BrBNA
005 20231205101938.0
007 ta
008 230509b bl.|||p| |||| 00| 00por d
040 _aBR-BrBNA
_bpor
_cBiblioteca Nacional de Agricultura
041 _a(Pt)
072 _aL40
100 1 _aDrummond, S.S.
100 1 _aCardoso, J.R.
100 1 _aSilva, F.O.C. e
100 1 _aSeverino, R.S.
100 1 _aMartins, A.K.
100 1 _aMota, F.C.D.
245 1 _aOrigem e distribuicao da arteria celiaca em Gallus gallus domesticus
650 _aGalo
650 _aAnatomia Vegetal
650 _aArteria
650 _aCoracao
650 _aMinas Gerais
773 0 _tVeterinaria Noticias (Brazil)
_xISSN 0104-3463
_g(2000), v. 6(1) p. 35-42
_wBR0003409
909 _a202311
_bLúcia
_c55
_dLúcia Elande
942 _2AGRIS
_n0
_cANA
999 _c164864
_d164864